[Event "Chess.com Classic Div 2 L"]
[Site "chess.com INT"]
[Date "2024.05.13"]
[Round "4.1"]
[White "Aronian, L."]
[Black "Vidit, S."]
[Result "1/2-1/2"]
[WhiteElo "2730"]
[BlackElo "2722"]
[PlyCount "87"]
[EventDate "2024.05.11"]
[EventType "k.o."]

1. d4 d5 2. c4 e6 3. Nc3 c5 4. cxd5 exd5 5. Nf3 Nc6 6. dxc5 d4 7. Na4 Bxc5 8. Nxc5 Qa5+ 9. Qd2 Qxc5 10. e3 dxe3 11. Qxe3+ Qxe3+ 12. Bxe3 Nge7 13. Bc4 O-O 14. O-O Bg4 ({RR} 14... h6 15. Rfe1 Rd8 16. h3 Nd5 17. Bd2 Be6 18. Rac1 Nc7 19. Bf4 Bxc4 20. Bxc7 Rd7 21. Rxc4 Rxc7 22. Nd4 Rd8 23. Nxc6 Rxc6 24. Rxc6 bxc6 25. Re2 Rd1+ 26. Kh2 Kf8 27. g4 Rc1 28. Kg2 c5 29. a3 {Aronian,L (2737)-Duda,J (2725) Saint Louis USA 2025 ½-½ (39)}) ({RR} 14... h6 15. Rfe1 Rd8 16. h3 Nd5 17. Bd2 Be6 18. Rac1 Nc7 19. Bf4 Bxc4 20. Bxc7 Rd7 21. Rxc4 Rxc7 22. Nd4 Rd8 23. Nxc6 Rxc6 24. Rxc6 bxc6 25. Re2 Rd1+ 26. Kh2 Kf8 27. g4 Rc1 28. Kg2 c5 29. a3 {Aronian,L (2737)-Duda,J (2725) Saint Louis USA 2025 ½-½ (39)}) 15. Nd2 $146 ({RR} 15. Nd4 Rfd8 16. Nxc6 {½-½ (16) Da Ces,P-Romanelli,R (2045) Belgium 2002}) ({RR} 15. Nd4 Nxd4 16. Bxd4 Rfd8 17. Be3 Nf5 18. Bg5 Rd4 19. Rac1 h6 20. Be3 Nxe3 21. Bxf7+ Kh8 22. fxe3 Rd7 23. h3 Be2 24. Rf2 Bb5 25. e4 Bc6 26. e5 Re7 27. Re1 g5 28. Bb3 Kg7 29. Ref1 Be8 {Roshka,Y (2497)-Janous,M (2291) Ceske Budejovice CZE 2026 1-0 (44)}) ({RR} 15. Nd4 Rfd8 16. Nxc6 {½-½ (16) Da Ces,P-Romanelli,R (2045) Belgium 2002}) ({RR} 15. Nd4 Nxd4 16. Bxd4 Rfd8 17. Be3 Nf5 18. Bg5 Rd4 19. Rac1 h6 20. Be3 Nxe3 21. Bxf7+ Kh8 22. fxe3 Rd7 23. h3 Be2 24. Rf2 Bb5 25. e4 Bc6 26. e5 Re7 27. Re1 g5 28. Bb3 Kg7 29. Ref1 Be8 {Roshka,Y (2497)-Janous,M (2291) Ceske Budejovice CZE 2026 1-0 (44)}) 15... Rfd8 16. f3 Bf5 17. Ne4 Ne5 18. Bb3 b6 19. Bg5 N5c6 20. Rad1 Kf8 21. Nd6 Bg6 22. Rfe1 Rd7 23. Nc4 Rad8 24. Rxd7 Rxd7 25. Bf4 Nd4 26. Ne5 Rd8 27. Bc4 b5 28. Bf1 Bf5 29. Kf2 f6 30. Ng4 h5 31. Ne3 Be6 32. h4 Kf7 33. b3 Rd7 34. Rc1 a6 35. Nc2 Ndf5 36. Nb4 Ng6 37. Be3 Nxe3 38. Kxe3 a5 39. Nc6 Nxh4 40. Nd4 Re7 41. Kf2 Rd7 42. Ke3 Re7 43. Kf2 Rd7 44. Ke3 1/2-1/2

[Event "12th Norway Chess 2024"]
[Site "Stavanger NOR"]
[Date "2024.05.29"]
[Round "3.3"]
[White "Nakamura, Hi"]
[Black "Firouzja, Alireza"]
[Result "1/2-1/2"]
[WhiteElo "2794"]
[BlackElo "2737"]
[PlyCount "64"]
[EventDate "2024.05.27"]

1. d4 d5 2. c4 e6 3. Nc3 c5 4. cxd5 exd5 5. Nf3 Nc6 6. g3 Nf6 7. Bg2 cxd4 8. Nxd4 Bc5 9. Nb3 Bb6 10. O-O d4 11. Na4 O-O 12. Bg5 h6 13. Bxf6 Qxf6 14. Rc1 ({RR} 14. Nxb6 axb6 15. Bxc6 bxc6 16. Qxd4 Rd8 17. Qxf6 gxf6 18. Rfc1 Be6 19. Kf1 Ra4 20. Ke1 Rda8 21. Rc3 Rxa2 22. Rxa2 Rxa2 23. Nc1 Rxb2 24. Rxc6 Kg7 25. Nd3 Rb1+ 26. Kd2 f5 27. Nf4 Kf6 28. h4 Ke7 {Aronian,L (2735)-Caruana,F (2766) Wijk aan Zee NED 2023 ½-½ (39)}) ({RR} 14. Nxb6 axb6 15. Bxc6 bxc6 16. Qxd4 Rd8 17. Qxf6 gxf6 18. Rfc1 Be6 19. Kf1 Ra4 20. Ke1 Rda8 21. Rc3 Rxa2 22. Rxa2 Rxa2 23. Nc1 Rxb2 24. Rxc6 Kg7 25. Nd3 Rb1+ 26. Kd2 f5 27. Nf4 Kf6 28. h4 Ke7 {Aronian,L (2735)-Caruana,F (2766) Wijk aan Zee NED 2023 ½-½ (39)}) 14... Re8 15. h3 ({RR} 15. Nac5 h5 16. h3 h4 17. g4 Qe5 18. Qd2 a5 19. Nd3 Qd6 20. Nbc5 a4 21. Rc4 Ba5 22. Qc2 Bc7 23. f4 Qe7 24. Rxa4 Qe3+ 25. Rf2 Rxa4 26. Qxa4 Bxf4 27. Nxf4 Qc1+ 28. Rf1 Qxc5 29. Kh1 Qd6 {Duda,J (2733)-Firouzja,A (2744) chess.com INT 2024 ½-½ (54)}) ({RR} 15. Nac5 h5 16. h3 h4 17. g4 Qe5 18. Qd2 a5 19. Nd3 Qd6 20. Nbc5 a4 21. Rc4 Ba5 22. Qc2 Bc7 23. f4 Qe7 24. Rxa4 Qe3+ 25. Rf2 Rxa4 26. Qxa4 Bxf4 27. Nxf4 Qc1+ 28. Rf1 Qxc5 29. Kh1 Qd6 {Duda,J (2733)-Firouzja,A (2744) chess.com INT 2024 ½-½ (54)}) 15... Bf5 ({RR} 15... Qe5 16. Re1 Qh5 17. e4 Qxd1 18. Rexd1 Be6 19. Nbc5 Bxa2 20. Nxb6 axb6 21. Nxb7 Bb3 22. Rd3 Ba4 23. f4 Bb5 24. Rb3 Ba4 25. Ra3 Nb4 26. Nd6 Red8 27. e5 d3 28. Bxa8 d2 29. Rf1 Rxa8 30. Nc4 {Kaufman,D (2477)-Baitleu,S (2245) Belgrade SRB 2026 1-0 (35)}) ({RR} 15... Qe5 16. Re1 Qh5 17. e4 Qxd1 18. Rexd1 Be6 19. Nbc5 Bxa2 20. Nxb6 axb6 21. Nxb7 Bb3 22. Rd3 Ba4 23. f4 Bb5 24. Rb3 Ba4 25. Ra3 Nb4 26. Nd6 Red8 27. e5 d3 28. Bxa8 d2 29. Rf1 Rxa8 30. Nc4 {Kaufman,D (2477)-Baitleu,S (2245) Belgrade SRB 2026 1-0 (35)}) 16. Nbc5 $146 ({RR} 16. Nac5 Rac8 17. Nxb7 Nb4 18. N7c5 Nxa2 19. Rc4 Be6 20. Rc2 Bf5 21. Rc4 Be6 22. Rc2 Nb4 23. Rc1 d3 24. exd3 Bxb3 25. Nxb3 Qxb2 26. Rb1 Qc3 27. d4 a5 28. Qg4 Nc2 29. Rfc1 Bxd4 30. Nxd4 Qxd4 {David,A (2468)-Vallee,L (2260) Saint-Maur-des-Fosses FRA 2025 0-1 (33)}) ({RR} 16. Nac5 Rac8 17. Nxb7 Nb4 18. N7c5 Nxa2 19. Rc4 Be6 20. Rc2 Bf5 21. Rc4 Be6 22. Rc2 Nb4 23. Rc1 d3 24. exd3 Bxb3 25. Nxb3 Qxb2 26. Rb1 Qc3 27. d4 a5 28. Qg4 Nc2 29. Rfc1 Bxd4 30. Nxd4 Qxd4 {David,A (2468)-Vallee,L (2260) Saint-Maur-des-Fosses FRA 2025 0-1 (33)}) 16... Bxc5 17. Nxc5 b6 18. Nd3 Be4 19. Bxe4 Rxe4 20. Qc2 Re6 21. Nf4 Rd6 22. Qe4 Rad8 23. Rfd1 g5 24. Nd3 Re6 25. Qg4 Ne5 26. Nxe5 Qxe5 27. Rc2 Qf6 28. h4 Rde8 29. hxg5 hxg5 30. Rxd4 Rxe2 31. Rxe2 Rxe2 32. Qxe2 Qxd4 1/2-1/2

[Event "Chess.com Classic Div 2 W"]
[Site "chess.com INT"]
[Date "2024.05.11"]
[Round "2.2"]
[White "Kollars, Dmitrij"]
[Black "Aronian, L."]
[Result "0-1"]
[WhiteElo "2648"]
[BlackElo "2730"]
[PlyCount "78"]
[EventDate "2024.05.10"]
[EventType "k.o."]

1. e3 Nf6 2. Nf3 d5 3. c4 e6 4. Nc3 Bd6 5. b3 O-O 6. Bb2 c5 7. cxd5 exd5 8. d4 cxd4 9. Nxd4 Nc6 10. Be2 Re8 11. O-O Nxd4 12. Qxd4 Be5 13. Qd3 ({RR} 13. Qd2 d4 14. exd4 Qxd4 15. Qxd4 Bxd4 16. Bf3 Be6 17. Rad1 Bxc3 18. Bxc3 Rac8 19. Bd4 b6 20. Rd2 Bf5 21. Be3 Be4 22. Bxe4 Rxe4 23. Rfd1 Kf8 24. h3 Re6 25. Rd4 h6 26. Ra4 Re7 27. Rdd4 Ke8 {Vitiugov,N (2709)-Wojtaszek,R (2749) Shenzhen 2018 1-0 (34)}) ({RR} 13. Qd2 d4 14. exd4 Qxd4 15. Qxd4 Bxd4 16. Bf3 Be6 17. Rad1 Bxc3 18. Bxc3 Rac8 19. Bd4 b6 20. Rd2 Bf5 21. Be3 Be4 22. Bxe4 Rxe4 23. Rfd1 Kf8 24. h3 Re6 25. Rd4 h6 26. Ra4 Re7 27. Rdd4 Ke8 {Vitiugov,N (2709)-Wojtaszek,R (2749) Shenzhen 2018 1-0 (34)}) 13... Ne4 14. Rac1 $146 ({RR} 14. Na4 Bxb2 15. Nxb2 Qf6 16. Qd4 Qxd4 17. exd4 Bd7 18. Bd3 Nd6 19. Rac1 g6 20. g3 Nb5 21. Bxb5 Bxb5 22. Rfe1 Rxe1+ 23. Rxe1 Rc8 24. a4 Ba6 25. b4 Rc2 26. Nd1 Be2 27. Ne3 Rd2 28. Kg2 Bc4 {Kaldarova,A (2105)-Mamakova,A (2069) Astana KAZ 2026 ½-½ (82)}) ({RR} 14. Na4 Bxb2 15. Nxb2 Qf6 16. Qd4 Qxd4 17. exd4 Bd7 18. Bd3 Nd6 19. Rac1 g6 20. g3 Nb5 21. Bxb5 Bxb5 22. Rfe1 Rxe1+ 23. Rxe1 Rc8 24. a4 Ba6 25. b4 Rc2 26. Nd1 Be2 27. Ne3 Rd2 28. Kg2 Bc4 {Kaldarova,A (2105)-Mamakova,A (2069) Astana KAZ 2026 ½-½ (82)}) 14... Bf5 15. Qd1 Re6 16. f4 Bf6 17. Bf3 h6 18. Na4 Bxb2 19. Nxb2 Nf6 20. Qd4 Qe7 21. Rfe1 Re8 22. Qxa7 Ra6 23. Qd4 Rxa2 24. Na4 Be4 25. Nc3 Ra3 26. Bxe4 dxe4 27. Qc4 Ra6 28. Red1 Rc6 29. Nd5 Qa3 30. Nxf6+ gxf6 31. Qb5 Rxc1 32. Qxe8+ Kg7 33. Qd7 Qxb3 34. Qg4+ Kf8 35. Rxc1 Qxe3+ 36. Kf1 Qxc1+ 37. Kf2 Qc5+ 38. Kg3 f5 39. Qh5 Qe3+ 0-1

[Event "Olympiad-44"]
[Site "Chennai"]
[Date "2022.08.07"]
[Round "9.1"]
[White "Harikrishna, Pentala"]
[Black "Supi, Luis Paulo"]
[Result "1/2-1/2"]
[WhiteElo "2720"]
[BlackElo "2603"]
[PlyCount "153"]
[EventDate "2022.07.29"]
[EventType "team-swiss"]
[EventRounds "11"]
[EventCountry "IND"]
[SourceTitle "EXT 2023"]
[Source "ChessBase"]
[SourceDate "2022.10.05"]
[SourceVersion "1"]
[SourceVersionDate "2022.10.05"]
[SourceQuality "1"]
[WhiteTeam "India"]
[BlackTeam "Brazil"]
[WhiteTeamCountry "IND"]
[BlackTeamCountry "BRA"]

1. d4 d5 2. c4 e6 3. Nc3 a6 4. cxd5 exd5 5. Bf4 Nf6 6. e3 c5 7. Nf3 Nc6 8. Be2 c4 9. O-O Bb4 10. Bg5 ({RR} 10. Ne5 Bd7 11. Bf3 Bxc3 12. bxc3 h6 13. Qb1 b5 14. a4 bxa4 15. Nxd7 Qxd7 16. Qc2 O-O 17. Rxa4 Rfe8 18. Rb1 Re6 19. h3 g5 20. Bg3 Kg7 21. Ra2 Re7 22. Rb6 a5 23. Qb1 Ne4 24. Bxe4 Rxe4 {Braeutigam,A (2115)-Woll,W (2010) Itzehoe 2025 1-0 (34)}) ({RR} 10. Ne5 Bd7 11. Bf3 Bxc3 12. bxc3 h6 13. Qb1 b5 14. a4 bxa4 15. Nxd7 Qxd7 16. Qc2 O-O 17. Rxa4 Rfe8 18. Rb1 Re6 19. h3 g5 20. Bg3 Kg7 21. Ra2 Re7 22. Rb6 a5 23. Qb1 Ne4 24. Bxe4 Rxe4 {Braeutigam,A (2115)-Woll,W (2010) Itzehoe 2025 1-0 (34)}) 10... Bxc3 $146 ({RR} 10... Be6 11. Ne5 Qa5 12. Bxf6 gxf6 13. Nxc6 bxc6 14. Na4 O-O 15. b3 Rab8 16. Qc2 Rfc8 17. bxc4 dxc4 18. a3 Bd6 19. Bxc4 Bf5 20. Qd1 Bg6 21. Nc5 Bxc5 22. dxc5 Rd8 23. Qf3 Qxc5 24. Bxa6 Ra8 25. Bb7 {Carlsen,M (2855)-Mamedyarov,S (2762) chess24.com INT 2021 1-0 (50)}) ({RR} 10... Be6 11. Ne5 Qa5 12. Bxf6 gxf6 13. Nxc6 bxc6 14. Na4 O-O 15. b3 Rab8 16. Qc2 Rfc8 17. bxc4 dxc4 18. a3 Bd6 19. Bxc4 Bf5 20. Qd1 Bg6 21. Nc5 Bxc5 22. dxc5 Rd8 23. Qf3 Qxc5 24. Bxa6 Ra8 25. Bb7 {Carlsen,M (2855)-Mamedyarov,S (2762) chess24.com INT 2021 1-0 (50)}) 11. bxc3 h6 12. Bxf6 Qxf6 13. Nd2 O-O 14. e4 dxe4 15. Nxe4 Qg6 16. Ng3 b5 17. Bh5 Qf6 18. Re1 Rb8 19. Qf3 Qxf3 20. Bxf3 Nd8 21. h4 Nb7 22. Bxb7 Rxb7 23. a3 Rd8 24. Ne4 Kf8 25. Nc5 Rb8 26. Rab1 a5 27. f3 b4 28. axb4 axb4 29. Rxb4 Rxb4 30. cxb4 Rxd4 31. Re4 Rd1+ 32. Kf2 c3 33. Rc4 Rb1 34. Rxc3 Rxb4 35. Nd3 Rb8 36. Rc7 h5 37. Kg3 Be6 38. Kf4 Rd8 39. Ke3 g6 40. Nf4 Bf5 41. Rc5 Bc8 42. Ra5 Bd7 43. Ne2 Kg7 44. Nd4 Kf6 45. Ra6+ Kg7 46. Rd6 Re8+ 47. Kf4 Bc8 48. Nb5 Re2 49. Kg3 Rb2 50. Nc7 Rc2 51. Ne8+ Kf8 52. Nf6 Bf5 53. Rb6 Kg7 54. Ne8+ Kf8 55. Nd6 Be6 56. Ne4 Kg7 57. Rd6 Bf5 58. Nd2 Ra2 59. Rd4 Ra7 60. Kf4 Bd7 61. Ne4 Rc7 62. Nd6 Ra7 63. Rb4 Ra6 64. Rd4 Ra7 65. g3 Rc7 66. g4 hxg4 67. fxg4 Rc1 68. g5 f6 69. gxf6+ Kxf6 70. Ne4+ Ke7 71. Kg5 Rg1+ 72. Kh6 Bf5 73. Ng5 Rg4 74. Rxg4 Bxg4 75. Kxg6 Bd1 76. h5 Bxh5+ 77. Kxh5 1/2-1/2

[Event "German Masters"]
[Site "Magdeburg"]
[Date "2022.08.19"]
[Round "4"]
[White "Keymer, Vincent"]
[Black "Huschenbeth, Niclas"]
[Result "1/2-1/2"]
[WhiteElo "2672"]
[BlackElo "2607"]
[PlyCount "131"]
[EventDate "2022.08.16"]
[EventType "tourn"]
[EventRounds "9"]
[EventCountry "GER"]
[EventCategory "14"]
[SourceTitle "CBM 209 Extra"]
[Source "ChessBase"]
[SourceDate "2022.09.30"]
[SourceVersion "1"]
[SourceVersionDate "2022.09.30"]
[SourceQuality "1"]

1. c4 e6 2. Nc3 d5 3. d4 c5 4. cxd5 cxd4 5. Qxd4 Nc6 6. Qd1 exd5 7. Qxd5 Bd6 8. g3 Nf6 9. Qd1 O-O 10. Bg2 Qe7 11. Nf3 Rd8 12. Qc2 $146 ({RR} 12. Qa4 Bf5 13. O-O Rac8 14. Bg5 Qe6 15. Rfe1 h6 16. Bxf6 Qxf6 17. e4 Be6 18. Rad1 Ne5 19. Nxe5 Bxe5 20. Nd5 Bxd5 21. exd5 Bxb2 22. Qxa7 Rc7 23. Qe3 Rcd7 24. a4 Bc3 25. Re2 Ba5 26. Rb1 b6 {Truskavetsky,A (2348)-Haug,H (2309) chess.com INT 2023 ½-½ (102)}) ({RR} 12. Qa4 Bd7 13. O-O Nb4 14. Qb3 Be6 15. Qa4 Bd7 16. Qb3 Be6 17. Qa4 a6 18. Bg5 b5 19. Qd1 Bxg3 20. hxg3 Rxd1 21. Rfxd1 h6 22. Bf4 Nfd5 23. Be5 Rc8 24. Nd4 Nxc3 25. bxc3 Nd5 26. Nxe6 fxe6 {Meirkhanuly,A (2265)-Vakhlamov,I (2413) chess.com INT 2026 0-1 (63)}) ({RR} 12. Qa4 Bf5 13. O-O Rac8 14. Bg5 Qe6 15. Rfe1 h6 16. Bxf6 Qxf6 17. e4 Be6 18. Rad1 Ne5 19. Nxe5 Bxe5 20. Nd5 Bxd5 21. exd5 Bxb2 22. Qxa7 Rc7 23. Qe3 Rcd7 24. a4 Bc3 25. Re2 Ba5 26. Rb1 b6 {Truskavetsky,A (2348)-Haug,H (2309) chess.com INT 2023 ½-½ (102)}) ({RR} 12. Qa4 Bd7 13. O-O Nb4 14. Qb3 Be6 15. Qa4 Bd7 16. Qb3 Be6 17. Qa4 a6 18. Bg5 b5 19. Qd1 Bxg3 20. hxg3 Rxd1 21. Rfxd1 h6 22. Bf4 Nfd5 23. Be5 Rc8 24. Nd4 Nxc3 25. bxc3 Nd5 26. Nxe6 fxe6 {Meirkhanuly,A (2265)-Vakhlamov,I (2413) chess.com INT 2026 0-1 (63)}) 12... Nb4 13. Qb1 Bc5 14. O-O h6 15. Bf4 g5 16. Bc1 a5 17. a3 Nc6 18. h4 g4 19. Nd2 Nd4 20. Nde4 Bf5 21. Bxh6 Nxe2+ 22. Nxe2 Nxe4 23. Qe1 Rd3 24. Be3 Bxe3 25. fxe3 Qe5 26. Nf4 Rd6 27. Rd1 Rxd1 28. Qxd1 Nxg3 29. Re1 Rc8 30. Qd4 Re8 31. Kf2 Ne4+ 32. Bxe4 Bxe4 33. Rc1 Bc6 34. Qxe5 Rxe5 35. Rc3 Rb5 36. b3 Bf3 37. Nd3 Kg7 38. Kg3 Kf6 39. a4 Rd5 40. Nf2 Kf5 41. Rc7 b5 42. Rxf7+ Ke6 43. Rc7 Re5 44. Rc8 Kd7 45. Rc3 b4 46. Nxg4 Rf5 47. Rd3+ Ke6 48. Nf2 Be2 49. Rd4 Rf3+ 50. Kg2 Rxe3 51. Re4+ Rxe4 52. Nxe4 Kd5 53. Kf2 Bd1 54. Nd2 Kd4 55. Ke1 Bc2 56. h5 Kc3 57. Ke2 Bd3+ 58. Ke3 Bh7 59. Ke2 Bd3+ 60. Ke3 Bh7 61. h6 Bg6 62. Ke2 Bd3+ 63. Kd1 Kb2 64. Nc4+ Kxb3 65. Nxa5+ Kxa4 66. Kd2 1/2-1/2

[Event "CGC KO 2022"]
[Site "chess.com INT"]
[Date "2022.11.03"]
[Round "4.5"]
[White "So, W."]
[Black "Andreikin, D."]
[Result "1-0"]
[WhiteElo "2771"]
[BlackElo "2729"]
[PlyCount "99"]
[EventDate "2022.09.14"]
[EventType "k.o."]

1. d4 d5 2. c4 e6 3. Nc3 c5 4. cxd5 cxd4 5. Qa4+ Bd7 6. Qxd4 exd5 7. Qxd5 Nf6 8. Qd1 Bc5 9. Nf3 Nc6 10. a3 Qe7 11. Bg5 O-O-O 12. e3 Bf5 13. Qa4 h6 14. Bf4 $146 ({RR} 14. Bh4 g5 15. Bg3 Bxe3 16. fxe3 Ng4 17. e4 Rhe8 18. Qxc6+ bxc6 19. Ba6+ Kd7 20. O-O-O+ Ke6 21. exf5+ Kf6 22. h3 Qe3+ 23. Kb1 Qb6 24. Rxd8 Rxd8 25. hxg4 Qxa6 26. Ne4+ Ke7 27. Ne5 f6 28. Nxf6 Kxf6 {Baenziger,F (2352)-Riehle,M (2266) Leukerbad 2019 ½-½ (35)}) ({RR} 14. Bh4 g5 15. Bg3 Bxe3 16. fxe3 Ng4 17. e4 Rhe8 18. Qxc6+ bxc6 19. Ba6+ Kd7 20. O-O-O+ Ke6 21. exf5+ Kf6 22. h3 Qe3+ 23. Kb1 Qb6 24. Rxd8 Rxd8 25. hxg4 Qxa6 26. Ne4+ Ke7 27. Ne5 f6 28. Nxf6 Kxf6 {Baenziger,F (2352)-Riehle,M (2266) Leukerbad 2019 ½-½ (35)}) 14... Nh5 15. Be2 g5 16. Bg3 Nxg3 17. hxg3 Bxe3 18. fxe3 Qxe3 19. Rd1 g4 20. Rxd8+ Rxd8 21. Qf4 Qxf4 22. gxf4 gxf3 23. Bxf3 Nd4 24. Rxh6 Nxf3+ 25. gxf3 Bg6 26. Ke2 Kd7 27. Ne4 Rc8 28. Kd2 Ke7 29. Rh2 Rd8+ 30. Ke3 Rd1 31. Rd2 Rb1 32. Nd6 b6 33. Nc8+ Kf6 34. Nxa7 Kf5 35. Rd5+ Ke6 36. Rd2 Re1+ 37. Kf2 Rb1 38. Nc8 b5 39. Nd6 b4 40. axb4 Rh1 41. f5+ Bxf5 42. Nxf5 Kxf5 43. Ke3 Re1+ 44. Re2 Rd1 45. Rd2 Re1+ 46. Kd4 Kf4 47. Rd3 Re8 48. b5 Rc8 49. b6 Rb8 50. Rb3 1-0

[Event "Dortmund GER Grand Prix"]
[Site "Dortmund"]
[Date "2022.07.22"]
[Round "5"]
[White "Bluebaum, Matthias"]
[Black "L'Ami, Erwin"]
[Result "1/2-1/2"]
[WhiteElo "2673"]
[BlackElo "2634"]
[PlyCount "66"]
[EventDate "2022.07.17"]
[EventType "tourn"]
[EventRounds "7"]
[EventCountry "GER"]
[EventCategory "17"]
[SourceTitle "CBM 209 Extra"]
[Source "ChessBase"]
[SourceDate "2022.09.30"]
[SourceVersion "1"]
[SourceVersionDate "2022.09.30"]
[SourceQuality "1"]

1. d4 d5 2. c4 e6 3. Nc3 c5 4. cxd5 exd5 5. Nf3 Nc6 6. g3 Nf6 7. a3 c4 8. Bg2 Be7 9. Bg5 O-O ({RR} 9... Be6 10. e3 O-O 11. Bxf6 Bxf6 12. Ng1 Qd7 13. Nge2 Bg5 14. h4 Bh6 15. b3 b5 16. bxc4 bxc4 17. O-O Rad8 18. Qa4 Ne7 19. Qxd7 Rxd7 20. Rab1 f6 21. Rb5 Rfd8 22. Rfb1 Kf7 23. Ra5 Nc8 24. Na4 {Bluebaum,M (2647)-Filgueira,H (2283) Chess.com INT 2022 1-0 (38)}) ({RR} 9... Be6 10. e3 O-O 11. Bxf6 Bxf6 12. Ng1 Qd7 13. Nge2 Bg5 14. h4 Bh6 15. b3 b5 16. bxc4 bxc4 17. O-O Rad8 18. Qa4 Ne7 19. Qxd7 Rxd7 20. Rab1 f6 21. Rb5 Rfd8 22. Rfb1 Kf7 23. Ra5 Nc8 24. Na4 {Bluebaum,M (2647)-Filgueira,H (2283) Chess.com INT 2022 1-0 (38)}) 10. e3 Ne8 $146 ({RR} 10... Be6 11. O-O h6 12. Bxf6 Bxf6 13. Kh1 Qd7 14. Ng1 b5 15. Nge2 Rab8 16. Nf4 Ne7 17. Nh5 Bg5 18. h4 Bg4 19. Bf3 Bxh5 20. Bxh5 Bf6 21. Bf3 a5 22. b4 cxb3 23. Qxb3 Bxh4 24. Nxd5 Nxd5 25. Qxd5 {Warmerdam,M (2613)-Dardha,D (2555) Maastricht 2022 ½-½ (118)}) ({RR} 10... Be6 11. O-O h6 12. Bxf6 Bxf6 13. Kh1 Qd7 14. Ng1 b5 15. Nge2 Rab8 16. Nf4 Ne7 17. Nh5 Bg5 18. h4 Bg4 19. Bf3 Bxh5 20. Bxh5 Bf6 21. Bf3 a5 22. b4 cxb3 23. Qxb3 Bxh4 24. Nxd5 Nxd5 25. Qxd5 {Warmerdam,M (2613)-Dardha,D (2555) Maastricht 2022 ½-½ (118)}) 11. Bxe7 Nxe7 12. Ng1 b5 13. Nge2 a6 14. b3 Rb8 15. Nf4 Bb7 16. O-O Nf6 17. bxc4 dxc4 18. e4 Ng6 19. Nxg6 hxg6 20. d5 Qb6 21. Qb1 Rfe8 22. Qb4 Bc8 23. a4 Bd7 24. axb5 axb5 25. h3 g5 26. Ra2 g4 27. h4 Qd4 28. Rd1 Qe5 29. Ra7 Rec8 30. Rda1 Qd4 31. Ne2 Qe5 32. Nc3 Qd4 33. Ne2 Qe5 1/2-1/2

[Event "Dortmund NC World Masters"]
[Site "Dortmund"]
[Date "2022.07.22"]
[Round "4"]
[White "Anand, Viswanathan"]
[Black "Kollars, Dmitrij"]
[Result "1/2-1/2"]
[WhiteElo "2756"]
[BlackElo "2648"]
[PlyCount "100"]
[EventDate "2022.07.18"]
[EventType "tourn"]
[EventRounds "6"]
[EventCountry "GER"]
[EventCategory "17"]
[SourceTitle "CBM 209 Extra"]
[Source "ChessBase"]
[SourceDate "2022.09.30"]
[SourceVersion "1"]
[SourceVersionDate "2022.09.30"]
[SourceQuality "1"]

1. c4 e6 2. Nc3 d5 3. d4 c5 4. cxd5 exd5 5. Nf3 Nf6 6. Bg5 Be6 7. dxc5 Bxc5 8. e3 Nc6 ({RR} 8... O-O 9. Be2 h6 10. Bh4 Nc6 11. O-O Rc8 12. Rc1 Be7 13. Nd4 a6 14. Nxc6 Rxc6 15. Bf3 Rc4 16. Bxf6 Bxf6 17. Nxd5 Rxc1 18. Nxf6+ Qxf6 19. Qxc1 Bxa2 20. Bxb7 Rb8 21. Qc7 Qd8 22. Rc1 Bc4 23. Qxc4 {Vidit,S (2722)-Carlsen,M (2870) Kolkata 2019 ½-½ (74)}) ({RR} 8... O-O 9. Bd3 h6 10. Bh4 Nc6 11. O-O g5 12. Bg3 d4 13. Na4 Be7 14. Nxd4 Nxd4 15. exd4 Rc8 16. Nc3 Qb6 17. Qd2 Rfd8 18. Rad1 Nd5 19. Nxd5 Bxd5 20. Bb1 Bf6 21. Qd3 Kf8 22. Qh7 Bxd4 23. b3 {Rustemov,A (2525)-Deac,B (2652) chess.com INT 2026 0-1}) ({RR} 8... O-O 9. Be2 h6 10. Bh4 Nc6 11. O-O Rc8 12. Rc1 Be7 13. Nd4 a6 14. Nxc6 Rxc6 15. Bf3 Rc4 16. Bxf6 Bxf6 17. Nxd5 Rxc1 18. Nxf6+ Qxf6 19. Qxc1 Bxa2 20. Bxb7 Rb8 21. Qc7 Qd8 22. Rc1 Bc4 23. Qxc4 {Vidit,S (2722)-Carlsen,M (2870) Kolkata 2019 ½-½ (74)}) ({RR} 8... O-O 9. Bd3 h6 10. Bh4 Nc6 11. O-O g5 12. Bg3 d4 13. Na4 Be7 14. Nxd4 Nxd4 15. exd4 Rc8 16. Nc3 Qb6 17. Qd2 Rfd8 18. Rad1 Nd5 19. Nxd5 Bxd5 20. Bb1 Bf6 21. Qd3 Kf8 22. Qh7 Bxd4 23. b3 {Rustemov,A (2525)-Deac,B (2652) chess.com INT 2026 0-1}) 9. Bb5 Rc8 $146 ({RR} 9... O-O 10. O-O a6 11. Bxf6 Qxf6 12. Nxd5 Qxb2 13. Bxc6 bxc6 14. Nc7 Rac8 15. Nxe6 fxe6 16. Qb3 Qxb3 17. axb3 Be7 18. Rxa6 e5 19. Nxe5 c5 20. Rc1 Rf5 21. Nc4 Rd5 22. Re6 Bf8 23. e4 Rd4 24. e5 {Lin,L (1650)-Liu,E (1615) Chess.com INT 2020 1-0 (39)}) ({RR} 9... O-O 10. O-O a6 11. Bxf6 Qxf6 12. Nxd5 Qxb2 13. Bxc6 bxc6 14. Nc7 Rac8 15. Nxe6 fxe6 16. Qb3 Qxb3 17. axb3 Be7 18. Rxa6 e5 19. Nxe5 c5 20. Rc1 Rf5 21. Nc4 Rd5 22. Re6 Bf8 23. e4 Rd4 24. e5 {Lin,L (1650)-Liu,E (1615) Chess.com INT 2020 1-0 (39)}) 10. Nd4 Kf8 11. Bxc6 bxc6 12. a3 Be7 13. b4 c5 14. bxc5 Qa5 15. Qd2 Rxc5 16. Bxf6 Bxf6 17. Nce2 Qxd2+ 18. Kxd2 Ke7 19. Rhc1 Rhc8 20. Rxc5 Rxc5 21. Rb1 Kd7 22. Nf4 Ra5 23. Rb3 Ra4 24. Nfe2 Ra5 25. Nc3 Be5 26. f4 Bxd4 27. exd4 Kc6 28. a4 Ra6 29. Kc2 Bf5+ 30. Kb2 Be4 31. g4 Kc7 32. g5 f6 33. Rb5 fxg5 34. fxg5 h6 35. h4 hxg5 36. hxg5 Rb6 37. a5 Rxb5+ 38. Nxb5+ Kc6 39. Nxa7+ Kb7 40. Nb5 Ka6 41. Nc7+ Kxa5 42. Kc3 g6 43. Ne8 Kb5 44. Kd2 Kc6 45. Nf6 Kd6 46. Ke3 Bf5 47. Kf4 Bh3 48. Ne8+ Kd7 49. Nf6+ Kd6 50. Ne8+ Kd7 1/2-1/2

[Event "Olympiad-44"]
[Site "Chennai"]
[Date "2022.08.03"]
[Round "6.2"]
[White "Melkumyan, Hrant"]
[Black "Nihal, Sarin"]
[Result "1/2-1/2"]
[WhiteElo "2634"]
[BlackElo "2651"]
[PlyCount "60"]
[EventDate "2022.07.29"]
[EventType "team-swiss"]
[EventRounds "11"]
[EventCountry "IND"]
[SourceTitle "EXT 2023"]
[Source "ChessBase"]
[SourceDate "2022.10.05"]
[SourceVersion "1"]
[SourceVersionDate "2022.10.05"]
[SourceQuality "1"]
[WhiteTeam "Armenia"]
[BlackTeam "India II"]
[WhiteTeamCountry "ARM"]
[BlackTeamCountry "IND"]

1. c4 e6 2. Nc3 d5 3. d4 c5 4. cxd5 exd5 5. Nf3 Nf6 6. Bg5 Be6 7. Bxf6 Qxf6 8. e4 dxe4 9. Nxe4 Qf4 10. Bb5+ Nc6 11. Qe2 Be7 12. dxc5 O-O 13. Bxc6 bxc6 14. O-O Bd5 15. Rfe1 f5 $146 ({RR} 15... Rfe8 16. Qd2 Qxd2 17. Nfxd2 f5 18. Nd6 Bxd6 19. cxd6 Red8 20. Nb1 Rxd6 21. Nc3 Be6 22. f3 Kf7 23. Re2 a5 24. Na4 Rb8 25. b3 Rb5 26. Rc1 Rbd5 27. Kf2 f4 28. Nc3 Rc5 29. Rcc2 Rd3 30. Ne4 {Gukesh,D (2614)-Tari,A (2653) Warsaw 2021 1-0 (52)}) ({RR} 15... Rfe8 16. Qd2 Qxd2 17. Nfxd2 f5 18. Nd6 Bxd6 19. cxd6 Red8 20. Nb1 Rxd6 21. Nc3 Be6 22. f3 Kf7 23. Re2 a5 24. Na4 Rb8 25. b3 Rb5 26. Rc1 Rbd5 27. Kf2 f4 28. Nc3 Rc5 29. Rcc2 Rd3 30. Ne4 {Gukesh,D (2614)-Tari,A (2653) Warsaw 2021 1-0 (52)}) 16. Nc3 Bxf3 17. Qxf3 Qxf3 18. gxf3 Bxc5 19. Re6 Bd4 20. Rxc6 Rfc8 21. Rxc8+ Rxc8 22. Rc1 a5 23. Kf1 a4 24. a3 Kf7 25. Ke2 Bxc3 26. Rxc3 Rb8 27. Rc4 Rxb2+ 28. Kf1 Rb3 29. Rxa4 Rxf3 30. Ra7+ Kf6 1/2-1/2